The traditional village in Vietnam

Guardado en:
Detalles Bibliográficos
Formato: Libro
Publicado: Thế giới 1993
Etiquetas: Agregar Etiqueta
Sin Etiquetas, Sea el primero en etiquetar este registro!
Thư viện lưu trữ: Mạng thư viện Đại học Đà Nẵng
LEADER 00525nam a2200205 a 4500
001 000029147
003 6131
005 20171030145630.0
008 171030s1993
040 |a LTT 
082 0 |a 307.76  |b Tr-V 
245 0 0 |a The traditional village in Vietnam  |c Phan Huy Lê, Từ Chi, Nguyễn Đức Nghinh.. 
260 |b Thế giới  |c 1993 
OWN |a LTT 
999 |a From the UDN01 
TYP |a Monograph 
TYP |a Printed language 
980 |a Mạng thư viện Đại học Đà Nẵng